书目信息 |
| 题名: |
巧学英语语法
|
|
| 作者: | 朱先穆 , 朱胜超 编著 | |
| 分册: | ||
| 出版信息: | 合肥 中国科学技术大学出版社 2007.05 |
|
| 页数: | 26, 596页, [2] 页图版 | |
| 开本: | 21cm | |
| 丛书名: | 巧学英语系列丛书 | |
| 单 册: | ||
| 中图分类: | H314 | |
| 科图分类: | ||
| 主题词: | 英语--ying yu--语法 | |
| 电子资源: | ||
| ISBN: | 978-7-312-02036-0 | |
| 000 | 01169nam 2200301 450 | |
| 001 | 012008043017 | |
| 005 | 20080425133843.23 | |
| 010 | @a978-7-312-02036-0@dCNY25.00 | |
| 100 | @a20080425d2007 em y0chiy0120 ea | |
| 101 | 0 | @achi@aeng |
| 102 | @aCN@b340000 | |
| 105 | @acfk a 000yy | |
| 106 | @ar | |
| 200 | 1 | @a巧学英语语法@Aqiao xue ying yu yu fa@d= A better way to learn english grammar@f朱先穆, 朱胜超编著@Fzhu xian mu,zhu sheng chao bian zhu@zeng |
| 205 | @a第5版 | |
| 210 | @a合肥@c中国科学技术大学出版社@d2007.05 | |
| 215 | @a26, 596页, [2] 页图版@c肖像@d21cm | |
| 225 | 2 | @a巧学英语系列丛书@Aqiao xue ying yu xi lie cong shu |
| 320 | @a有书目 (第596页) | |
| 330 | @a本书分为两部分。第一部分用“口诀”形式对英语的语法项目做了归纳和总结,将枯燥难记的语法条文变得生动有趣,使人过目难忘。第二部分为附录,提供了不少令人感兴趣的巧学英语的问题。 | |
| 410 | 0 | @12001 @a巧学英语系列丛书 |
| 510 | 1 | @aBetter way to learn english grammar@zeng |
| 606 | 0 | @a英语@Aying yu@x语法 |
| 690 | @aH314@v4 | |
| 701 | 0 | @a朱先穆@Azhu xian mu@4编著 |
| 701 | 0 | @a朱胜超@Azhu sheng chao@4编著 |
| 801 | 0 | @aCN@bQSSK@c20080425 |
| 905 | @b295723-25@dH314@eZ884@f3 | |
| 巧学英语语法= A better way to learn english grammar/朱先穆, 朱胜超编著.-第5版.-合肥:中国科学技术大学出版社,2007.05 |
| 26, 596页, [2] 页图版:肖像;21cm.-(巧学英语系列丛书) |
| ISBN 978-7-312-02036-0:CNY25.00 |
| 本书分为两部分。第一部分用“口诀”形式对英语的语法项目做了归纳和总结,将枯燥难记的语法条文变得生动有趣,使人过目难忘。第二部分为附录,提供了不少令人感兴趣的巧学英语的问题。 |
| ● |
| 相关链接 |
|
|
|
正题名:巧学英语语法
索取号:H314/Z884
 
预约/预借
| 序号 | 登录号 | 条形码 | 馆藏地/架位号 | 状态 | 备注 |
| 1 | 295723 | 202957238 | 语言库209/209语言库 35排5列6层/ [索取号:H314/Z884] | 在馆 | |
| 2 | 295724 | 202957247 | 语言库209/209语言库 35排5列6层/ [索取号:H314/Z884] | 在馆 | |
| 3 | 295725 | 202957256 | 语言库209/ [索取号:H314/Z884] | 在馆 |